[Event "FRA T IV 09-10"]
[Site "Champagne Ardennes"]
[Date "2010.01.24"]
[Round "5.8"]
[White "Fourcart, Marc"]
[Black "Husson, Christophe"]
[Result "0-1"]
[WhiteElo "1707"]
[BlackElo "1730"]
[PlyCount "88"]
[EventDate "2009.11.26"]
[EventType "match"]
[EventCountry "FRA"]

1. d4 Nf6 2. Nf3 d6 3. e3 g6 4. c4 c6 5. Bd3 Bg7 6. O-O O-O 7. Nc3 Bg4 8. b4
Nbd7 9. e4 Ne8 10. Be3 c5 11. bxc5 dxc5 12. Be2 Bxf3 13. Bxf3 cxd4 14. Bxd4 Ne5
15. Bxe5 Bxe5 16. Rc1 e6 17. g3 Ng7 18. Qe2 Qa5 19. Qb2 a6 20. Be2 Rab8 21. Qb3
Bxc3 22. Rxc3 Rfd8 23. Rb1 e5 24. Rc2 Ne6 25. Rcb2 Nd4 26. Qe3 Qc7 27. Bf1 Kg7
28. Rb6 Rd6 29. R6b2 b6 30. a4 Rf6 31. Qc1 Rc6 32. Kg2 Rc5 33. f4 f6 34. fxe5
fxe5 35. Rf2 Rc6 36. Qg5 Rf8 37. Rxf8 Kxf8 38. a5 b5 39. Qh6+ Kg8 40. cxb5 Rc2+
41. Kh3 Qd7+ 42. g4 Nxb5 43. Rb3 Qf7 44. Bg2 Qxb3+ 0-1

[Event "FRA T IV 09-10"]
[Site "Champagne Ardennes"]
[Date "2010.03.14"]
[Round "6"]
[White "Szylar, Eric"]
[Black "Defrance, Laurent"]
[Result "0-1"]
[WhiteElo "2051"]
[BlackElo "2203"]
[PlyCount "106"]
[EventDate "2009.11.26"]
[EventType "match"]
[EventCountry "FRA"]

1. e4 d6 2. d4 g6 3. Nf3 Bg7 4. Be3 Nd7 5. Bd3 e6 6. Qd2 h6 7. c4 Ne7 8. Nc3 b6
9. O-O Bb7 10. b4 Nf6 11. h3 d5 12. cxd5 exd5 13. e5 Ne4 14. Qc2 Nxc3 15. Qxc3
O-O 16. Rac1 c6 17. Qd2 Kh7 18. Nh2 Bc8 19. Ng4 Bxg4 20. hxg4 Qd7 21. Qe2 f6
22. f4 fxe5 23. fxe5 Qe6 24. Rf4 Rxf4 25. Bxf4 Rf8 26. Bg3 b5 27. Bh4 Nc8 28.
Bg3 Nb6 29. Kh2 Nc4 30. Rh1 Qe7 31. Kg1 Qg5 32. Rh3 Qc1+ 33. Be1 Qf4 34. Bf2
Qc1+ 35. Qe1 Qg5 36. e6 Re8 37. Rf3 Nd6 38. Be3 Rxe6 39. Bxg5 Rxe1+ 40. Kf2 Re6
41. Be3 Kg8 42. Kg3 Nc4 43. Bf2 Nd2 44. Re3 Rxe3+ 45. Bxe3 Nc4 46. Bf2 Kf7 47.
Kf4 Bf8 48. Be1 Bd6+ 49. Kf3 Be7 50. Ke2 Bg5 51. Bg3 Bc1 52. Bf2 Ba3 53. Be3
Kg7 0-1

[Event "FRA T IV 09-10"]
[Site "Champagne Ardennes"]
[Date "2010.03.14"]
[Round "?"]
[White "Fourcart, Maxence"]
[Black "Lassalle, Arnaud"]
[Result "0-1"]
[WhiteElo "2080"]
[BlackElo "2021"]
[PlyCount "80"]
[EventDate "2009.11.26"]
[EventType "match"]
[EventCountry "FRA"]

1. d4 d5 2. c4 c6 3. Nf3 Nf6 4. Qc2 e6 5. Bf4 Qa5+ 6. Nbd2 Be7 7. g3 O-O 8. Bg2
Nbd7 9. O-O b5 10. c5 Qd8 11. e4 dxe4 12. Nxe4 Nxe4 13. Qxe4 Bb7 14. Be5 a5 15.
Rfd1 b4 16. Rac1 Qc8 17. Nd2 Nf6 18. Bxf6 Bxf6 19. Nc4 Ra6 20. a3 Rd8 21. Nd6
Qc7 22. Qe1 bxa3 23. bxa3 Be7 24. Nc4 Bf6 25. Qc3 Ra7 26. a4 h5 27. Rb1 h4 28.
Rb6 hxg3 29. hxg3 e5 30. Nxa5 exd4 31. Qb4 Ba8 32. Bxc6 Rxa5 33. Qxa5 Bxc6 34.
Qa6 Rc8 35. Rc1 Qd7 36. Qc4 d3 37. Rd1 Qh3 38. Rxc6 Rxc6 39. Rxd3 Qc8 40. Rd5
Be7 0-1

[Event "FRA T IV 09-10"]
[Site "Champagne Ardennes"]
[Date "2010.03.14"]
[Round "6"]
[White "Halfaoui, Eddine"]
[Black "Peltriaux, Guillaume"]
[Result "1/2-1/2"]
[WhiteElo "1795"]
[BlackElo "1848"]
[PlyCount "43"]
[EventDate "2009.11.26"]
[EventType "match"]
[EventCountry "FRA"]

1. e4 d5 2. exd5 Qxd5 3. Nc3 Qa5 4. d4 e5 5. dxe5 Nc6 6. Qd5 Bb4 7. Qxa5 Bxa5
8. Bb5 Bxc3+ 9. bxc3 Nge7 10. Ba3 Bd7 11. Bxe7 Kxe7 12. f4 Nxe5 13. Bxd7 Nxd7
14. Nf3 Rhe8 15. O-O-O Rad8 16. Rhe1+ Kf8 17. Rxe8+ Kxe8 18. Re1+ Kf8 19. Rd1
Ke8 20. Re1+ Kf8 21. Rd1 Ke8 22. Re1+ 1/2-1/2

[Event "FRA T IV 09-10"]
[Site "Champagne Ardennes"]
[Date "2010.03.14"]
[Round "6"]
[White "Dubuisson, Thomas"]
[Black "Louis, Andre"]
[Result "1-0"]
[WhiteElo "1993"]
[BlackElo "1848"]
[PlyCount "63"]
[EventDate "2009.11.26"]
[EventType "match"]
[EventCountry "FRA"]

1. e4 e5 2. Nc3 d6 3. f4 exf4 4. Nf3 Be7 5. Bc4 Nh6 6. O-O O-O 7. d4 g5 8. h4
Bg4 9. Nd5 Kg7 10. Nxe7 Qxe7 11. hxg5 Ng8 12. Qe1 f5 13. e5 Bxf3 14. Rxf3 dxe5
15. Qxe5+ Qxe5 16. dxe5 Nc6 17. Bxf4 Nd4 18. Rf2 Rad8 19. c3 Nc6 20. e6 Na5 21.
Bxc7 Nxc4 22. Bxd8 Rxd8 23. Rxf5 Kg6 24. Rc5 Ne3 25. Re1 Nf5 26. Rf1 Ng7 27. e7
Rd7 28. e8=Q+ Nxe8 29. Rf8 Nef6 30. gxf6 Nxf6 31. Re5 Kg7 32. Ra8 1-0

[Event "FRA T IV 09-10"]
[Site "Champagne Ardennes"]
[Date "2010.03.14"]
[Round "6"]
[White "Glod, Philippe"]
[Black "Hacene, Ahmed"]
[Result "1-0"]
[WhiteElo "1908"]
[BlackElo "1814"]
[PlyCount "81"]
[EventDate "2009.11.26"]
[EventType "match"]
[EventCountry "FRA"]

1. e4 e6 2. d4 d5 3. Nc3 Nf6 4. e5 Nfd7 5. f4 c5 6. Nf3 Nc6 7. Be3 cxd4 8. Nxd4
a6 9. Qd2 Bb4 10. a3 Bxc3 11. Qxc3 Nxd4 12. Bxd4 O-O 13. Qh3 f5 14. Bd3 Nb8 15.
g4 Nc6 16. Bc5 Rf7 17. gxf5 exf5 18. O-O-O Be6 19. Rhg1 b6 20. Bf2 Qd7 21. Rg5
b5 22. Rdg1 Kh8 23. Rh5 g5 24. Rgxg5 Rg8 25. Bh4 Ne7 26. Rxg8+ Kxg8 27. Bxe7
Qxe7 28. Rg5+ Rg7 29. Rxg7+ Qxg7 30. Qg3 Qg4 31. Qxg4+ fxg4 32. f5 Bd7 33. Kd2
d4 34. Ke2 h5 35. Kf2 Kg7 36. Kg3 Kh6 37. Kf4 Bc6 38. e6 Kg7 39. Kg5 Be8 40.
f6+ Kf8 41. f7 1-0

[Event "FRA T IV 09-10"]
[Site "Champagne Ardennes"]
[Date "2010.03.14"]
[Round "6"]
[White "Mondeel, Paul"]
[Black "Fourcart, Marc"]
[Result "0-1"]
[WhiteElo "1499"]
[BlackElo "1706"]
[PlyCount "88"]
[EventDate "2009.11.26"]
[EventType "match"]
[EventCountry "FRA"]

1. d4 Nf6 2. c4 g6 3. Nf3 Bg7 4. e3 O-O 5. Be2 c5 6. O-O d6 7. Nc3 cxd4 8. exd4
Bd7 9. Bg5 Re8 10. h3 a6 11. Qc2 Nc6 12. Rad1 Rc8 13. c5 Bf5 14. Qc1 Qa5 15.
Bd2 b5 16. d5 Na7 17. c6 b4 18. a3 bxc3 19. Bxc3 Qa4 20. Rd4 Qc2 21. Bxa6 Qxc1
22. Rxc1 Ne4 23. Rb4 Nxc3 24. bxc3 Rb8 25. a4 Rxb4 26. cxb4 Nc8 27. a5 Be4 28.
Rd1 Bc3 29. Bb7 Bxf3 30. gxf3 Bxb4 31. a6 Na7 32. c7 Bc5 33. Rc1 f5 34. Kf1 Kf7
35. Ke2 e5 36. Kd3 Ke7 37. Kc4 Kd7 38. c8=Q+ Rxc8 39. Bxc8+ Nxc8 40. Rb1 Nb6+
41. Kd3 Kc7 42. Rb5 Kb8 43. Rxc5 dxc5 44. d6 Ka7 0-1

[Event "FRA T IV 09-10"]
[Site "Champagne Ardennes"]
[Date "2010.03.14"]
[Round "6"]
[White "Guillaume, Jean Francois"]
[Black "Frezier, Sebastien"]
[Result "1-0"]
[WhiteElo "1857"]
[BlackElo "1520"]
[PlyCount "112"]
[EventDate "2009.11.26"]
[EventType "match"]
[EventCountry "FRA"]

1. Nf3 Nf6 2. g3 Nc6 3. Bg2 e5 4. d3 Bc5 5. c3 d6 6. a4 a5 7. O-O Bg4 8. Na3
Bxa3 9. Rxa3 Qd7 10. Re1 h5 11. e4 h4 12. d4 hxg3 13. hxg3 b6 14. dxe5 Nxe5 15.
Nxe5 dxe5 16. Qxd7+ Nxd7 17. Be3 O-O-O 18. b4 axb4 19. cxb4 Kb7 20. Rc3 Nb8 21.
f3 Bd7 22. b5 Bh3 23. Rec1 Rd7 24. Bxh3 Rxh3 25. Kg2 Rh8 26. f4 Re8 27. Kf3
exf4 28. gxf4 g6 29. e5 Re6 30. Rb1 Rde7 31. Bf2 Rd7 32. Rb4 Re8 33. Rbc4 Rc8
34. Rb3 Rcd8 35. Ke4 Re8 36. Bh4 Re6 37. Bf2 Rd8 38. Rbc3 Rd7 39. Rb4 Re8 40.
a5 bxa5 41. Ra4 Kc8 42. Rxa5 Kd8 43. Bh4+ Kc8 44. Bf2 Kb7 45. Ra7+ Kc8 46. Bc5
Kd8 47. Ra8 Kc8 48. Kf3 Kb7 49. Ra7+ Kc8 50. Bd6 c6 51. Bxb8 Rxa7 52. Bxa7 Kb7
53. b6 Rd8 54. Ke4 Re8 55. Rd3 Re7 56. Rd6 f5+ 1-0

[Event "FRA T IV 09-10"]
[Site "Champagne Ardennes"]
[Date "2010.03.14"]
[Round "6"]
[White "Marchal, Ludovic"]
[Black "Hascher, Nicolas"]
[Result "0-1"]
[WhiteElo "1640"]
[BlackElo "1969"]
[PlyCount "80"]
[EventDate "2009.11.26"]
[EventType "match"]
[EventCountry "FRA"]

1. c4 Nf6 2. Nc3 c6 3. Nf3 d5 4. d4 e6 5. g3 dxc4 6. Bg2 Nbd7 7. e4 Be7 8. Bg5
h6 9. Bxf6 Nxf6 10. Ne5 O-O 11. O-O Qc7 12. Nxc4 b5 13. Ne3 b4 14. Ne2 Bb7 15.
Qc2 c5 16. dxc5 Qxc5 17. Rac1 Qxc2 18. Rxc2 Bxe4 19. Bxe4 Nxe4 20. Rc7 Bf6 21.
Nc2 Rfc8 22. Rxc8+ Rxc8 23. Nxb4 Bxb2 24. Nd3 Rc2 25. Rb1 Rxe2 26. Rxb2 Rxb2
27. Nxb2 Kf8 28. f3 Nd6 29. Kf2 Ke7 30. Ke2 f6 31. Kd3 e5 32. a4 a5 33. Nc4
Nxc4 34. Kxc4 Kd6 35. Kb5 f5 36. Kxa5 Kc5 37. Ka6 e4 38. fxe4 fxe4 39. a5 Kc6
40. Ka7 Kc7 0-1

[Event "FRA T IV 09-10"]
[Site "Champagne Ardennes"]
[Date "2010.03.14"]
[Round "6"]
[White "Robert, Guillaume"]
[Black "Chittier, Celine"]
[Result "0-1"]
[WhiteElo "1500"]
[BlackElo "1885"]
[PlyCount "72"]
[EventDate "2009.11.26"]
[EventType "match"]
[EventCountry "FRA"]

1. d4 d5 2. Nf3 Nf6 3. Bf4 e6 4. Nbd2 Nbd7 5. e3 Be7 6. Bd3 O-O 7. c3 c5 8. b3
b6 9. Qc2 h6 10. Rc1 Bb7 11. Bg6 fxg6 12. Qxg6 Qe8 13. Qg3 Nh5 14. Qg4 Nxf4 15.
exf4 Qf7 16. O-O Bd6 17. g3 Rae8 18. Ne5 Nxe5 19. fxe5 Be7 20. f4 cxd4 21. cxd4
Bb4 22. Nf3 Ba6 23. Rf2 Rc8 24. Rd1 Rc6 25. Nh4 Kh7 26. f5 exf5 27. Rxf5 Qe6
28. Kh1 g6 29. Nxg6 Rxf5 30. Nf4 Qf7 31. Kg1 Rxf4 32. Qxf4 Qxf4 33. gxf4 Kg6
34. Kg2 Kf5 35. Kf2 Kxf4 36. Rg1 Rc2# 0-1

[Event "FRA T IV 09-10"]
[Site "Champagne Ardennes"]
[Date "2010.03.14"]
[Round "6"]
[White "Rosian, Anthony"]
[Black "Chopin, Valerie"]
[Result "1-0"]
[WhiteElo "1690"]
[BlackElo "1499"]
[PlyCount "55"]
[EventDate "2009.11.26"]
[EventType "match"]
[EventCountry "FRA"]

1. e4 e5 2. Nf3 Nc6 3. d4 d6 4. dxe5 dxe5 5. Qxd8+ Kxd8 6. Bb5 Bd6 7. Bxc6 bxc6
8. O-O Nf6 9. Bg5 Ke7 10. Nbd2 Ba6 11. Rfe1 Rhe8 12. Rad1 Kf8 13. Bxf6 gxf6 14.
Nh4 Rad8 15. Ndf3 Rb8 16. b3 Bb4 17. Re3 Red8 18. Rc1 Rd7 19. c3 Bxc3 20. Rexc3
Rbd8 21. Re3 c5 22. Nf5 c4 23. bxc4 Bxc4 24. Rxc4 Rd1+ 25. Re1 Ke8 26. Rxc7
Rxe1+ 27. Nxe1 Rd1 28. Kf1 1-0

[Event "FRA T IV 09-10"]
[Site "Champagne Ardennes"]
[Date "2010.03.14"]
[Round "6"]
[White "Jouneau, Quentin"]
[Black "Collinet, Laurent"]
[Result "1-0"]
[WhiteElo "1991"]
[BlackElo "1890"]
[PlyCount "63"]
[EventDate "2009.11.26"]
[EventType "match"]
[EventCountry "FRA"]

1. e4 c5 2. Nf3 d6 3. d4 cxd4 4. Nxd4 Nf6 5. Nc3 a6 6. g3 g6 7. Bg2 Bg7 8. O-O
O-O 9. Re1 Qc7 10. Bg5 h6 11. Bxf6 exf6 12. Nd5 Qd8 13. c3 Be6 14. Nf4 Bd7 15.
Qb3 Nc6 16. Nxg6 Na5 17. Qd5 Bc6 18. Nxc6 bxc6 19. Ne7+ Qxe7 20. Qxa5 Qe5 21.
Qa4 Qc5 22. Rad1 Rab8 23. Re2 a5 24. Rd4 Qg5 25. h4 Qc1+ 26. Rd1 Rb4 27. cxb4
Qc4 28. Rc2 Qxb4 29. Qxb4 axb4 30. Rxd6 Ra8 31. b3 c5 32. e5 1-0

[Event "FRA T IV 09-10"]
[Site "Champagne Ardennes"]
[Date "2010.03.14"]
[Round "6"]
[White "Durant, Christophe"]
[Black "Fournier, Manuel"]
[Result "1-0"]
[WhiteElo "1953"]
[BlackElo "1948"]
[PlyCount "59"]
[EventDate "2009.11.26"]
[EventType "match"]
[EventCountry "FRA"]

1. d4 d5 2. Nf3 Nf6 3. Bf4 Bf5 4. e3 e6 5. c3 c6 6. Be2 h6 7. Nbd2 Nbd7 8. h3
Be7 9. Ne5 Nxe5 10. Bxe5 Bd6 11. Bxd6 Qxd6 12. Qb3 Qc7 13. Nf3 O-O 14. g4 Be4
15. Rg1 Bxf3 16. Bxf3 Ne4 17. Bxe4 dxe4 18. Rg3 Qb6 19. Qc2 f5 20. gxf5 exf5
21. O-O-O Rad8 22. Rg6 Kh7 23. Rdg1 Rf7 24. Qe2 Qa5 25. Kb1 c5 26. Qh5 Rdf8 27.
Re6 Qb5 28. Rxh6+ gxh6 29. Qg6+ Kh8 30. Qxh6+ 1-0

[Event "FRA T IV 09-10"]
[Site "Champagne Ardennes"]
[Date "2010.03.14"]
[Round "6"]
[White "Guyot, Philippe"]
[Black "Crepaux, Jean Marie"]
[Result "1/2-1/2"]
[WhiteElo "2013"]
[BlackElo "1940"]
[PlyCount "88"]
[EventDate "2009.11.26"]
[EventType "match"]
[EventCountry "FRA"]

1. c4 c6 2. g3 Nf6 3. Bg2 e6 4. Nf3 d5 5. O-O Na6 6. d4 dxc4 7. Ne5 Nd5 8. Nxc4
Be7 9. Nc3 O-O 10. e4 Nb6 11. Ne3 Qc7 12. a4 Rd8 13. a5 Nd7 14. f4 b5 15. f5
Ndc5 16. e5 Bb7 17. f6 Bf8 18. fxg7 Bxg7 19. Ng4 Nd7 20. Nh6+ Bxh6 21. Bxh6 Nf8
22. Bxf8 Rxf8 23. Rf6 Kh8 24. Be4 Rg8 25. Qf3 Rg7 26. Rf1 Qd7 27. Rxf7 Qxd4+
28. Kh1 Qxe5 29. Rxg7 Qxg7 30. Bxc6 Bxc6 31. Qxc6 Nc7 32. Nxb5 Rf8 33. Rxf8+
Qxf8 34. Kg2 Nxb5 35. Qxb5 Qa8+ 36. Kh3 Qe4 37. Qb8+ Kg7 38. Qxa7+ Kg6 39. Qf2
Qd5 40. a6 Qh5+ 41. Kg2 Qd5+ 42. Qf3 Qd2+ 43. Kf1 Qc1+ 44. Kg2 Qd2+ 1/2-1/2

[Event "FRA T IV 09-10"]
[Site "Champagne Ardennes"]
[Date "2010.03.14"]
[Round "6"]
[White "Leghbali, Sophiane"]
[Black "Sohier, Renaud"]
[Result "1/2-1/2"]
[WhiteElo "1918"]
[BlackElo "2040"]
[PlyCount "91"]
[EventDate "2009.11.26"]
[EventType "match"]
[EventCountry "FRA"]

1. e4 e5 2. Nf3 d6 3. d4 exd4 4. Qxd4 Nc6 5. Bb5 Bd7 6. Bxc6 Bxc6 7. Bg5 Qd7 8.
Nc3 h6 9. Bh4 Ne7 10. O-O-O Ng6 11. Bg3 f6 12. Rhe1 Ne5 13. Nh4 g5 14. Nf5 Qe6
15. f3 b6 16. Nd5 O-O-O 17. Qc3 Bxd5 18. Rxd5 Kb7 19. Nd4 Qe8 20. Bxe5 fxe5 21.
Nf5 c6 22. Rd3 Qe6 23. Kb1 Rh7 24. Red1 Rhd7 25. g4 a5 26. Ne3 d5 27. Qb3 Qf7
28. a4 d4 29. Nc4 Bb4 30. Nxe5 Qxb3 31. Rxb3 Re7 32. Nd3 Bd6 33. h3 Rf8 34. Nc1
c5 35. c4 Bf4 36. Nd3 Bd6 37. Kc2 Ref7 38. Rf1 Kc6 39. Kd1 Bf4 40. Ke2 h5 41.
Rh1 h4 42. Rd1 Kc7 43. Ne1 Rf6 44. Nd3 Bg3 45. Rf1 Rd8 46. Rb5 1/2-1/2

[Event "FRA T IV 09-10"]
[Site "Champagne Ardennes"]
[Date "2010.03.14"]
[Round "6"]
[White "Noizet, Donatien"]
[Black "Flamant, Jacky"]
[Result "1/2-1/2"]
[WhiteElo "1899"]
[BlackElo "1760"]
[PlyCount "48"]
[EventDate "2009.11.26"]
[EventType "match"]
[EventCountry "FRA"]

1. d4 Nf6 2. c4 e5 3. dxe5 Ng4 4. e6 Qf6 5. exf7+ Kxf7 6. Qd5+ Qe6 7. Qxe6+
dxe6 8. Nf3 Nc6 9. a3 Be7 10. Nc3 Rf8 11. h3 Nge5 12. Nxe5+ Nxe5 13. e4 b6 14.
Be2 Ba6 15. f4 Bh4+ 16. Kf1 Kg8 17. Kg1 Ng6 18. b3 Rad8 19. Kh2 Nxf4 20. Bxf4
Rxf4 21. Rad1 Bb7 22. Rxd8+ Bxd8 23. Kg3 e5 24. Bf3 Kf8 1/2-1/2

[Event "FRA T IV 09-10"]
[Site "Champagne Ardennes"]
[Date "2010.03.14"]
[Round "6"]
[White "Guyon, Cyndie"]
[Black "Lhoest, Alain"]
[Result "1/2-1/2"]
[WhiteElo "1899"]
[BlackElo "1760"]
[PlyCount "97"]
[EventDate "2009.11.26"]
[EventType "match"]
[EventCountry "FRA"]

1. d4 Nf6 2. Bg5 e6 3. e3 Be7 4. Nd2 d5 5. Bd3 Nbd7 6. f4 h6 7. Bh4 O-O 8. Qf3
c5 9. c3 cxd4 10. exd4 Re8 11. Ne2 Qb6 12. Rb1 Nf8 13. O-O Ng6 14. Bf2 Bd7 15.
Rfe1 Bd6 16. Be3 Qc7 17. g3 Ne7 18. Bf2 a6 19. Nf1 Bb5 20. Bc2 Rac8 21. Ne3 Nc6
22. a4 Bxe2 23. Rxe2 Na5 24. Rbe1 Nc4 25. Nxc4 Qxc4 26. f5 exf5 27. Rxe8+ Rxe8
28. Rxe8+ Nxe8 29. b3 Qc6 30. Bxf5 Nf6 31. Be1 Bc7 32. c4 Qb6 33. c5 Qc6 34.
Bc2 Qe6 35. Bd2 Ne4 36. Bf4 Bd8 37. b4 Ng5 38. Bxg5 Bxg5 39. Bb3 Qe1+ 40. Kg2
Qxb4 41. Qxd5 Qd2+ 42. Kh3 Qf2 43. Bc4 Be3 44. Bd3 g5 45. Qe4 f5 46. Qe8+ Kg7
47. Qe7+ Kg6 48. Qe6+ Kg7 49. Qe7+ 1/2-1/2

[Event "FRA T IV 09-10"]
[Site "Champagne Ardennes"]
[Date "2010.03.14"]
[Round "?"]
[White "Gerardin, David"]
[Black "Prioux, Michel"]
[Result "1-0"]
[WhiteElo "1770"]
[BlackElo "1807"]
[PlyCount "87"]
[EventDate "2009.11.26"]
[EventType "match"]
[EventCountry "FRA"]

1. e4 c6 2. Nf3 d5 3. exd5 cxd5 4. d4 Nf6 5. c3 g6 6. Bf4 Bg7 7. Bxb8 Rxb8 8.
Qa4+ Bd7 9. Qxa7 O-O 10. Bd3 b5 11. b3 b4 12. O-O Ne4 13. Bxe4 dxe4 14. Ne5
Bxe5 15. dxe5 bxc3 16. Nxc3 Bf5 17. Rfd1 Qc8 18. Nd5 Kg7 19. Qxe7 Qe6 20. Qxe6
Bxe6 21. Nc3 Bf5 22. Re1 Rb4 23. Nd5 Rd4 24. Rad1 Rxd1 25. Rxd1 Re8 26. Ne3 Be6
27. f3 exf3 28. gxf3 Ra8 29. Rd2 g5 30. Kf2 Ra5 31. Nc4 Bxc4 32. bxc4 Rxe5 33.
Rd5 Kf6 34. Rxe5 Kxe5 35. Ke3 f5 36. f4+ gxf4+ 37. Kf3 Kd4 38. Kxf4 Kxc4 39.
Kxf5 Kb4 40. Kg5 Ka3 41. Kh6 Kxa2 42. Kxh7 Kb3 43. h4 Kc4 44. Kg7 1-0

[Event "FRA T IV 09-10"]
[Site "Champagne Ardennes"]
[Date "2010.03.14"]
[Round "6"]
[White "Waczecka, Jerome"]
[Black "Noizet, Regis"]
[Result "1-0"]
[WhiteElo "1830"]
[BlackElo "1584"]
[PlyCount "75"]
[EventDate "2009.11.26"]
[EventType "match"]
[EventCountry "FRA"]

1. d4 d5 2. Nf3 Nf6 3. c3 c5 4. Bg5 Qb6 5. Qb3 Nbd7 6. Nbd2 e6 7. e3 cxd4 8.
exd4 Be7 9. Qc2 Qd8 10. Bd3 a6 11. a4 b6 12. O-O Bb7 13. Rfe1 Rc8 14. Ne5 Nxe5
15. Rxe5 Qd6 16. Nf3 Ng4 17. Bxe7 Kxe7 18. Rg5 h5 19. h3 Nf6 20. Rxg7 Rcg8 21.
Rxg8 Rxg8 22. Ne5 Ne4 23. Qe2 Nf6 24. Bxa6 Bxa6 25. Qxa6 Nd7 26. Qb7 Rb8 27.
Nc6+ Kf6 28. Nxb8 Nxb8 29. a5 bxa5 30. Rxa5 Qf4 31. Ra1 h4 32. Qc8 Kg7 33. Qb7
Kg6 34. Qb3 Nc6 35. Qd1 Ne7 36. Qg4+ Qg5 37. Qxg5+ Kxg5 38. b4 1-0

[Event "FRA T IV 09-10"]
[Site "Champagne Ardennes"]
[Date "2010.03.14"]
[Round "6"]
[White "Robert, Emmanuel"]
[Black "Alcidi, Valentin"]
[Result "0-1"]
[WhiteElo "1550"]
[BlackElo "1815"]
[PlyCount "34"]
[EventDate "2009.11.26"]
[EventType "match"]
[EventCountry "FRA"]

1. e4 e5 2. f4 d5 3. exd5 e4 4. d4 Qxd5 5. Nc3 Bb4 6. h3 Nc6 7. Be3 Nf6 8. Qd2
Qa5 9. Bc4 Be6 10. Bxe6 fxe6 11. Nge2 O-O 12. g4 Rad8 13. Ng3 e5 14. Nge2 exd4
15. Nxd4 Nxd4 16. Bxd4 c5 17. O-O-O cxd4 0-1

[Event "FRA T IV 09-10"]
[Site "Champagne Ardennes"]
[Date "2010.03.14"]
[Round "6"]
[White "Boillon, Vincent"]
[Black "Viard, Dominique"]
[Result "1-0"]
[WhiteElo "2142"]
[BlackElo "1960"]
[PlyCount "59"]
[EventDate "2009.11.26"]
[EventType "match"]
[EventCountry "FRA"]

1. d4 Nf6 2. c4 c5 3. d5 b5 4. cxb5 a6 5. b6 Qxb6 6. Nc3 e6 7. e4 Bb7 8. Nf3
exd5 9. exd5 Be7 10. Bc4 O-O 11. O-O d6 12. a4 Nbd7 13. Re1 Rfe8 14. Ra3 Qb4
15. a5 Qxc4 16. Ra4 Qxa4 17. Qxa4 Nf8 18. Bg5 N8d7 19. Nd2 Rad8 20. Bxf6 Nxf6
21. Qc4 Kf8 22. Nf1 Kg8 23. Ne3 Bc8 24. Qd3 g6 25. h3 Nd7 26. Nc4 Nf6 27. Nb6
Bb7 28. Ne4 Nd7 29. Nxd7 Rxd7 30. Nf6+ 1-0

[Event "FRA T IV 09-10"]
[Site "Champagne Ardennes"]
[Date "2010.03.14"]
[Round "6"]
[White "Moret, Florian"]
[Black "Aubriet, Laurent"]
[Result "0-1"]
[WhiteElo "1890"]
[BlackElo "2023"]
[PlyCount "118"]
[EventDate "2009.11.26"]
[EventType "match"]
[EventCountry "FRA"]

1. e4 g6 2. Nc3 Bg7 3. f4 d6 4. d4 a6 5. Nf3 Nd7 6. Bc4 Nb6 7. Bb3 Bg4 8. O-O
Nf6 9. e5 dxe5 10. Bxf7+ Kxf7 11. fxe5 Bxf3 12. Rxf3 Re8 13. Ne4 Kg8 14. exf6
exf6 15. Qd3 f5 16. Qb3+ Qd5 17. Ng3 Qxb3 18. axb3 Bxd4+ 19. Kf1 Re6 20. c3 Bg7
21. Bd2 Rae8 22. Rd1 Rd8 23. Re1 Rxe1+ 24. Kxe1 Re8+ 25. Kd1 Nd5 26. Rd3 Nf6
27. h3 Kf7 28. Bg5 h6 29. Bxf6 Bxf6 30. Rd7+ Re7 31. Rxe7+ Kxe7 32. Kd2 Kd6 33.
Kd3 Ke5 34. Ne2 g5 35. b4 g4 36. hxg4 fxg4 37. b3 h5 38. g3 h4 39. gxh4 Bxh4
40. Ke3 Be1 41. Kd3 g3 42. Ke3 g2 43. Kf3 g1=Q 44. Nxg1 Bxc3 45. Ke2 Bxb4 46.
Kd3 Kd5 47. Ne2 c5 48. Nf4+ Kc6 49. Kc4 b5+ 50. Kd3 a5 51. Kc2 Kd6 52. Nd3 Kd5
53. Nb2 Kd4 54. Nd3 c4 55. Nb2 cxb3+ 56. Kxb3 Bc5 57. Nd1 a4+ 58. Kb2 Kd3 59.
Ka2 Bd4 0-1

[Event "FRA T IV 09-10"]
[Site "Champagne Ardennes"]
[Date "2010.03.14"]
[Round "6"]
[White "Delmont, Jean Robert"]
[Black "Robert Dehault, Etienne"]
[Result "1/2-1/2"]
[WhiteElo "1975"]
[BlackElo "1926"]
[PlyCount "65"]
[EventDate "2009.11.26"]
[EventType "match"]
[EventCountry "FRA"]

1. d4 Nf6 2. c4 e6 3. Nc3 Bb4 4. Qb3 c5 5. Nf3 Nc6 6. dxc5 Bxc5 7. Bg5 Nd4 8.
Nxd4 Bxd4 9. e3 Be5 10. f4 Bxc3+ 11. Qxc3 Ne4 12. Bxd8 Nxc3 13. Ba5 Ne4 14. Bd3
Nc5 15. Be2 b6 16. Bf3 Bb7 17. Bxb7 Nxb7 18. Bc3 Nc5 19. Ke2 Rc8 20. Rac1 O-O
21. Rhd1 Rfd8 22. b3 Ne4 23. Bb4 d6 24. g4 f5 25. gxf5 exf5 26. Rd5 g6 27. Kf3
Kf7 28. a4 Ke6 29. a5 bxa5 30. Rxa5 Rb8 31. Ra4 Rd7 32. Rca1 Rdb7 33. Be1
1/2-1/2

[Event "FRA T IV 09-10"]
[Site "Champagne Ardennes"]
[Date "2010.03.14"]
[Round "6"]
[White "Rouable, Denis"]
[Black "Barreaud, Samuel"]
[Result "0-1"]
[WhiteElo "1830"]
[BlackElo "1890"]
[PlyCount "74"]
[EventDate "2009.11.26"]
[EventType "match"]
[EventCountry "FRA"]

1. d4 f5 2. c4 e6 3. Nc3 Nf6 4. g3 d5 5. cxd5 exd5 6. Bg5 Be7 7. Bg2 c6 8. e3
O-O 9. Nf3 Ne4 10. Bxe7 Qxe7 11. O-O Rf6 12. Ne5 Nd7 13. f4 Rh6 14. Rc1 Ndf6
15. Bf3 Qe6 16. Qe1 Nd7 17. Rc2 Nxe5 18. dxe5 Qe7 19. a3 Be6 20. Na4 Kh8 21. h4
Nxg3 22. Qxg3 Rg6 23. Qxg6 hxg6 24. Rh2 b5 25. Nc3 Rc8 26. Kh1 Bf7 27. Rg1 Rc7
28. Rg5 a5 29. h5 gxh5 30. Bxh5 Bxh5 31. Rgxh5+ Kg8 32. Rxf5 Qe6 33. Rfh5 b4
34. Na4 bxa3 35. bxa3 Qg4 36. f5 Qf3+ 37. Rg2 Qxh5+ 0-1

[Event "FRA T IV 09-10"]
[Site "Champagne Ardennes"]
[Date "2010.03.14"]
[Round "6"]
[White "Colin, Stephanie"]
[Black "Collin, Patrick"]
[Result "1/2-1/2"]
[WhiteElo "1856"]
[BlackElo "1730"]
[PlyCount "89"]
[EventDate "2009.11.26"]
[EventType "match"]
[EventCountry "FRA"]

1. d4 d5 2. c4 c6 3. Nc3 Nf6 4. Nf3 e6 5. a3 Be7 6. e3 Nbd7 7. Bd3 dxc4 8. Bxc4
Nd5 9. Bd2 O-O 10. O-O Re8 11. Qc2 Nxc3 12. Bxc3 Nf8 13. Rad1 b5 14. Bd3 Bb7
15. Qe2 Qc7 16. Ne5 Bf6 17. f4 a5 18. Rf3 Bxe5 19. dxe5 b4 20. Be1 Qe7 21. a4
f5 22. Rh3 Qf7 23. Bc4 Red8 24. Bh4 Rxd1+ 25. Qxd1 Ba6 26. Bxa6 Rxa6 27. Qd3
Ra7 28. Qc2 Qd7 29. Rf3 Qd5 30. Rf1 Rd7 31. Rc1 Qd2 32. Qxd2 Rxd2 33. Rxc6 Rxb2
34. Bd8 Ra2 35. Bxa5 Rxa4 36. Bb6 Ra6 37. Rd6 Kf7 38. Bd4 Rxd6 39. exd6 g6 40.
Kf1 Ke8 41. Ke2 Nd7 42. Kd3 Nb8 43. Kc4 Nc6 44. Bc5 Kd7 45. Bxb4 1/2-1/2

[Event "FRA T IV 09-10"]
[Site "Champagne Ardennes"]
[Date "2010.03.14"]
[Round "6"]
[White "Cazzaro, Dorian"]
[Black "Talbot, Remy"]
[Result "1/2-1/2"]
[WhiteElo "1857"]
[BlackElo "1740"]
[PlyCount "66"]
[EventDate "2009.11.26"]
[EventType "match"]
[EventCountry "FRA"]

1. e4 Nf6 2. Nc3 d5 3. exd5 Nxd5 4. d4 Nxc3 5. bxc3 Nd7 6. Nf3 Nf6 7. Bd3 Bg4
8. O-O e6 9. Bg5 Qd5 10. Bxf6 Bxf3 11. Qxf3 Qxf3 12. gxf3 gxf6 13. Be4 c6 14.
Rab1 f5 15. Bd3 b5 16. Rfe1 a6 17. Bxf5 Kd7 18. Be4 Rg8+ 19. Kh1 Bd6 20. Rg1 f5
21. Bd3 Rg6 22. Rxg6 hxg6 23. Rg1 Rg8 24. c4 Bf4 25. h4 g5 26. hxg5 Rxg5 27.
Rxg5 Bxg5 28. d5 Bd2 29. dxc6+ Kxc6 30. cxb5+ axb5 31. c4 b4 32. Kg2 Kc5 33.
Kg3 f4+ 1/2-1/2